<?xml version="1.0" encoding="UTF-8"?>
<collection xmlns="http://www.loc.gov/MARC21/slim">
 <record>
  <leader>01760nam a2200325 a 4500</leader>
  <controlfield tag="001">1/44562</controlfield>
  <controlfield tag="008">140606s2013    gr            00010 gre  </controlfield>
  <datafield tag="020" ind1=" " ind2=" ">
   <subfield code="a">9786188069145</subfield>
  </datafield>
  <datafield tag="035" ind1=" " ind2=" ">
   <subfield code="l">47515</subfield>
  </datafield>
  <datafield tag="040" ind1=" " ind2=" ">
   <subfield code="a">GR-PeUP</subfield>
  </datafield>
  <datafield tag="082" ind1="0" ind2="0">
   <subfield code="a">428.2 ΚΑΡ</subfield>
  </datafield>
  <datafield tag="100" ind1="1" ind2=" ">
   <subfield code="a">Καραμητρόγλου, Φώτης.</subfield>
  </datafield>
  <datafield tag="245" ind1="1" ind2="0">
   <subfield code="a">Essential business terminology for native speakers of greek /</subfield>
   <subfield code="c">Fotios Karamitroglou.</subfield>
  </datafield>
  <datafield tag="260" ind1="0" ind2=" ">
   <subfield code="a">Αθήνα :</subfield>
   <subfield code="b">Φαίδιμος,</subfield>
   <subfield code="c">2013.</subfield>
  </datafield>
  <datafield tag="300" ind1=" " ind2=" ">
   <subfield code="a">247 σ. :</subfield>
   <subfield code="b">εικ. ;</subfield>
   <subfield code="c">28 εκ.</subfield>
  </datafield>
  <datafield tag="650" ind1=" " ind2="4">
   <subfield code="a">English language</subfield>
   <subfield code="x">Business communication.</subfield>
  </datafield>
  <datafield tag="650" ind1=" " ind2="4">
   <subfield code="a">English language</subfield>
   <subfield code="x">Business English.</subfield>
  </datafield>
  <datafield tag="650" ind1=" " ind2="4">
   <subfield code="a">Ελληνική γλώσσα.</subfield>
  </datafield>
  <datafield tag="650" ind1=" " ind2="4">
   <subfield code="a">Αγγλική γλώσσα</subfield>
   <subfield code="x">Ορολογία.</subfield>
  </datafield>
  <datafield tag="852" ind1=" " ind2=" ">
   <subfield code="a">INST</subfield>
   <subfield code="b">UNIPILB</subfield>
   <subfield code="c">EUDOXOS</subfield>
   <subfield code="e">20140606</subfield>
   <subfield code="h">428.2 ΚΑΡ</subfield>
   <subfield code="p">00171326</subfield>
   <subfield code="q">00171326</subfield>
   <subfield code="t">EUDOX</subfield>
   <subfield code="y">23</subfield>
   <subfield code="4">10</subfield>
  </datafield>
  <datafield tag="852" ind1=" " ind2=" ">
   <subfield code="a">INST</subfield>
   <subfield code="b">UNIPILB</subfield>
   <subfield code="c">EUDOXOS</subfield>
   <subfield code="e">20140606</subfield>
   <subfield code="h">428.2 ΚΑΡ</subfield>
   <subfield code="p">00171327</subfield>
   <subfield code="q">00171327</subfield>
   <subfield code="t">EUDOX</subfield>
   <subfield code="y">0</subfield>
   <subfield code="4">9</subfield>
  </datafield>
  <datafield tag="852" ind1=" " ind2=" ">
   <subfield code="a">INST</subfield>
   <subfield code="b">UNIPILB</subfield>
   <subfield code="c">EUDOXOS</subfield>
   <subfield code="e">20140606</subfield>
   <subfield code="h">428.2 ΚΑΡ</subfield>
   <subfield code="p">00171328</subfield>
   <subfield code="q">00171328</subfield>
   <subfield code="t">EUDOX</subfield>
   <subfield code="y">0</subfield>
   <subfield code="4">8</subfield>
  </datafield>
  <datafield tag="852" ind1=" " ind2=" ">
   <subfield code="a">INST</subfield>
   <subfield code="b">UNIPILB</subfield>
   <subfield code="c">EUDOXOS</subfield>
   <subfield code="e">20140606</subfield>
   <subfield code="h">428.2 ΚΑΡ</subfield>
   <subfield code="p">00171329</subfield>
   <subfield code="q">00171329</subfield>
   <subfield code="t">EUDOX</subfield>
   <subfield code="y">0</subfield>
   <subfield code="4">7</subfield>
  </datafield>
  <datafield tag="852" ind1=" " ind2=" ">
   <subfield code="a">INST</subfield>
   <subfield code="b">UNIPILB</subfield>
   <subfield code="c">EUDOXOS</subfield>
   <subfield code="e">20140606</subfield>
   <subfield code="h">428.2 ΚΑΡ</subfield>
   <subfield code="p">00171330</subfield>
   <subfield code="q">00171330</subfield>
   <subfield code="t">EUDOX</subfield>
   <subfield code="y">0</subfield>
   <subfield code="4">6</subfield>
  </datafield>
  <datafield tag="852" ind1=" " ind2=" ">
   <subfield code="a">INST</subfield>
   <subfield code="b">UNIPILB</subfield>
   <subfield code="c">EUDOXOS</subfield>
   <subfield code="e">20140606</subfield>
   <subfield code="h">428.2 ΚΑΡ</subfield>
   <subfield code="p">00171331</subfield>
   <subfield code="q">00171331</subfield>
   <subfield code="t">EUDOX</subfield>
   <subfield code="y">0</subfield>
   <subfield code="4">5</subfield>
  </datafield>
  <datafield tag="852" ind1=" " ind2=" ">
   <subfield code="a">INST</subfield>
   <subfield code="b">UNIPILB</subfield>
   <subfield code="c">EUDOXOS</subfield>
   <subfield code="e">20140606</subfield>
   <subfield code="h">428.2 ΚΑΡ</subfield>
   <subfield code="p">00171332</subfield>
   <subfield code="q">00171332</subfield>
   <subfield code="t">EUDOX</subfield>
   <subfield code="y">0</subfield>
   <subfield code="4">4</subfield>
  </datafield>
  <datafield tag="852" ind1=" " ind2=" ">
   <subfield code="a">INST</subfield>
   <subfield code="b">UNIPILB</subfield>
   <subfield code="c">EUDOXOS</subfield>
   <subfield code="e">20140606</subfield>
   <subfield code="h">428.2 ΚΑΡ</subfield>
   <subfield code="p">00171333</subfield>
   <subfield code="q">00171333</subfield>
   <subfield code="t">EUDOX</subfield>
   <subfield code="y">0</subfield>
   <subfield code="4">3</subfield>
  </datafield>
  <datafield tag="852" ind1=" " ind2=" ">
   <subfield code="a">INST</subfield>
   <subfield code="b">UNIPILB</subfield>
   <subfield code="c">EUDOXOS</subfield>
   <subfield code="e">20140606</subfield>
   <subfield code="h">428.2 ΚΑΡ</subfield>
   <subfield code="p">00171334</subfield>
   <subfield code="q">00171334</subfield>
   <subfield code="t">EUDOX</subfield>
   <subfield code="y">0</subfield>
   <subfield code="4">2</subfield>
  </datafield>
  <datafield tag="852" ind1=" " ind2=" ">
   <subfield code="a">INST</subfield>
   <subfield code="b">UNIPILB</subfield>
   <subfield code="c">EUDOXOS</subfield>
   <subfield code="e">20140606</subfield>
   <subfield code="h">428.2 ΚΑΡ</subfield>
   <subfield code="p">00171335</subfield>
   <subfield code="q">00171335</subfield>
   <subfield code="t">EUDOX</subfield>
   <subfield code="y">0</subfield>
   <subfield code="4">1</subfield>
  </datafield>
  <datafield tag="852" ind1=" " ind2=" ">
   <subfield code="a">INST</subfield>
   <subfield code="b">UNIPILB</subfield>
   <subfield code="c">EUDOXOS</subfield>
   <subfield code="e">20150611</subfield>
   <subfield code="h">428.2 ΚΑΡ</subfield>
   <subfield code="p">00173669</subfield>
   <subfield code="q">00173669</subfield>
   <subfield code="t">EUDOX</subfield>
   <subfield code="y">0</subfield>
   <subfield code="4">11</subfield>
  </datafield>
 </record>
</collection>
